Logo BPK

Bibliografia Prac Pracowników

Politechniki Koszalińskiej

Praktische Anwendung der Pyrolyse bei der Verwertung von Abfallen - pyrolytische Verwertungseinrichtung vom typ WPS = (Rekord nr 1662)

Szczegóły MARC
000 -ETYKIETA REKORDU
podpole kontrolne o stałej długości 00932nab a2200205 i 4500
001 - NUMER KONTROLNY REKORDU
podpole kontrolne BPP
003 - IDENTYFIKATOR NUMERU KONTROLNEGO REKORDU
podpole kontrolne BPK
005 - DATA OSTATNIEJ MODYFIKACJI REKORDU
podpole kontrolne 20180427115032.0
008 - POLE O STAŁEJ DŁUGOŚCI - DANE KONTROLNE
podpole kontrolne o stałej długości s pl f |000 pol
040 ## - ŹRÓDŁO KATALOGOWANIA
Instytucja, która utworzyła rekord BPK
041 ## - KOD JĘZYKA
Kod języka tekstu deu
044 ## - KOD KRAJU WYDAWCY/PRODUCENTA
Kod kraju wydawcy/producenta DEU
080 ## - UNIWERSALNA KLASYFIKACJA DZIESIĘTNA - UKD
UKD 628.4
100 ## - NAZWA OSOBOWA
Nazwa osobowa PIECUCH, Tadeusz.
Lata pracy 1996 - .
Instytucja Politechnika Koszalińska - Wydział Budownictwa i Inżynierii Środowiska,
Wydział Katedra Technologii Wody, Ścieków i Odpadów
245 ## - TYTUŁ/ODPOWIEDZIALNOŚĆ
Tytuł Praktische Anwendung der Pyrolyse bei der Verwertung von Abfallen - pyrolytische Verwertungseinrichtung vom typ WPS =
Ciąg dalszy tytułu Praktyczne zastosowanie procesu pirolizy do utylizacji odpadów - utylizator pidolityczny typu WPS /
Pozostałe elementy strefy tytułu i oznaczenia odpowiedzialności Tadeusz Piecuch.
260 ## - STREFA ADRESU WYDAWNICZEGO
Data publikacji, dystrybucji/powstania dokumentu 2002.
500 ## - UWAGI OGÓLNE
Tekst uwagi Dane z Informatora o publikowanych wynikach prac naukowo-badawczych w 2002 Wydziału Budownictwa i Inżynierii Środowiska.
773 ## - TYTUŁ DOKUMENTU MACIERZYSTEGO
Adres wydawniczy Leoben 2002. -
Informacje dotyczące relacji s. 5-16
Wyrażenie wprowadzające W :
Tytuł Montanauniweritat. -
942 ## - HASŁO DODATKOWE - ELEMENTY(KOHA)
Typ dokumentu Artykuł
Schemat klasyfikacji Uniwersalna klasyfikacja dziesiętna

Brak dostępnych egzemplarzy.

© 2014 Biblioteka Politechniki Koszalińskiej :: BIBLIOGRAFIA PRAC PRACOWNIKÓW